000 00852nam0a22002531 4500
001 rc\2811623
005 20250806210651.0
035 _a(NLR Aleph) 006937461
090 _a14130
_c14130
100 _a20110915d1944 u y0rusy50 ca
101 0 _arus
102 _aRU
105 _ay z |||||
200 1 _aГрибковые болезни кожи
_fПроф. М. П. Демьянович
210 _aМосква
_cМедгиз
_d1944
_eСвердловск
_gтип. треста "Полиграфкниги"
215 _a51 с.
_d22 см.
700 1 _aДемьянович
_bМ.П.
_f1879-1957
_gМихаил Павлович
801 0 _aRU
_bNLR
_gpsbo
801 1 _aRU
_bELAR
_2rusmarc
852 _aNLR
_jМд60 Г-6/1
942 _cBOOK
945 _aРоссийская национальная библиотека
980 _aNB
980 _aBV